000 01884nam a2200241Ia 4500
999 _c51633
_d51633
001 18624
003 GE_BSU
005 20220920094832.0
008 181216s2013||||ge |||||||||||||| ||geo||
040 _cGE_BSU
041 _ageo
080 _a004 ბ-52
100 _aბერიძე, ვახტანგ
_911489
245 _aარალოკალური სასაზღვრო პირობების მქონე დიფერენციალური განტოლებებისათვის ოპტიმალური მართვის ამოცანების ამოხსნის ზოგიერთი რიცხვითი ალგორითმი : დისერტაცია /
_cვახტანგ ბერიძე; მეცნ. ხელმძღვ. დავით დევაძე; ბათუმის შოთა რუსთაველის სახელმწიფო უნ-ტი.
264 _aბათუმი,
_c2013.
300 _a116 გვ.
_b30 სმ.
653 _aარალოკალური სასზღვრო პირობების მქონე დიფერენციალური განტოლებებისათვის ოპტიმალური მართვის ამოცანების ამოხსნის ზოგიერთი რიცხვითი ალგორითმი
653 _aდისერტაცია
653 _aინფორმაციული ტექნოლოგიები
700 _aდევაძე, დავით
_eსამეცნიერო ხელმძღვანელი
_94057
710 _aბათუმის შოთა რუსთაველის სახელმწიფო უნ-ტი
_911490
942 _cBK
_2udc